000
00267nam a2200121Ia 4500
008
211105s9999 xx 000 0 und d
020
_a
VYASA01003
100
_a
Gharote M. L.
245
0
_a
Applied Yoga
250
_a
\N
260
_b
Kaivalyadhama
_c
\N
300
_a
123p.
999
_c
6598
_d
6598